Buku prosedur impor, (Record no. 64760)
[ view plain ]
| 000 -LEADER | |
|---|---|
| fixed length control field | 00603cam a22002291 4500 |
| 001 - CONTROL NUMBER | |
| control field | sa 65006643 |
| 003 - CONTROL NUMBER IDENTIFIER | |
| control field | DLC |
| 005 - DATE AND TIME OF LATEST TRANSACTION | |
| control field | 20260227112143.0 |
| 008 - FIXED-LENGTH DATA ELEMENTS--GENERAL INFORMATION | |
| fixed length control field | 890108s1964 io a 000 0 dut |
| 010 ## - LIBRARY OF CONGRESS CONTROL NUMBER | |
| LC control number | sa 65006643 |
| 035 ## - SYSTEM CONTROL NUMBER | |
| System control number | (OCoLC)23404451 |
| 040 ## - CATALOGING SOURCE | |
| Original cataloging agency | DLC |
| Transcribing agency | MiU |
| Modifying agency | DLC |
| 042 ## - AUTHENTICATION CODE | |
| Authentication code | premarc |
| 043 ## - GEOGRAPHIC AREA CODE | |
| Geographic area code | a-io--- |
| 050 00 - LIBRARY OF CONGRESS CALL NUMBER | |
| Classification number | HF3807 |
| Item number | .L6 |
| 100 1# - MAIN ENTRY--PERSONAL NAME | |
| Personal name | Lombogia, D. |
| 245 10 - TITLE STATEMENT | |
| Title | Buku prosedur impor, |
| 260 ## - PUBLICATION, DISTRIBUTION, ETC. | |
| Place of publication, distribution, etc. | Djakarta, |
| Date of publication, distribution, etc. | 1964. |
| 300 ## - PHYSICAL DESCRIPTION | |
| Extent | iii, iv, 373 p. |
| Other physical details | illus. |
| Dimensions | 34 cm. |
| 651 #0 - SUBJECT ADDED ENTRY--GEOGRAPHIC NAME | |
| Geographic name | Indonesia |
| General subdivision | Commerce |
| Form subdivision | Handbooks, manuals, etc. |
| 710 1# - ADDED ENTRY--CORPORATE NAME | |
| Corporate name or jurisdiction name as entry element | Indonesia. |
| Form subheading | Laws, statutes, etc. |
No items available.